NFL Top 5 In Every Stat - Statistics

General Stats
  • This quiz has been taken 77 times
  • The average score is 40 of 50
Answer Stats
Stat Amount Team Answer % Correct
Passing TD's 27 Packers Aaron Rodgers
100%
Passing Yards 3926 Raiders Derek Carr
100%
Passing TD's 28 Bills Josh Allen
100%
Passing Yards 3642 Chiefs Patrick Mahomes
100%
Passing Yards 4134 Buccaneers Tom Brady
100%
Passing TD's 36 Buccaneers Tom Brady
100%
Passing Yards 3898 Rams Mathew Stafford
99%
Passing TD's 33 Rams Mathew Stafford
99%
Passing Yards 3822 Chargers Justin Herbert
97%
Passing TD's 30 Chargers Justin Herbert
97%
Rushing Yards 978 Vikings Dalvin Cook
96%
Rushing Yards 936 Titans Derrick Henry
96%
Rushing TD's 10 Titans Derrick Henry
96%
Receiving Yards 1489 Rams Cooper Kupp
94%
Receiving TD's 12 Rams Cooper Kupp
94%
Rushing Yards 1036 Bengals Joe Mixon
94%
Rushing TD's 12 Bengals Joe Mixon
94%
Receiving Yards 1288 Vikings Justin Jefferson
94%
Receiving TD's 8 Vikings Justin Jefferson
94%
Receiving TD's 11 Buccaneers Mike Evans
94%
Rushing Yards 926 Browns Nick Chubb
94%
Forced Fumbles 4 Steelers T.J Watt
91%
Sacks 16 Steelers T.J Watt
91%
Receiving Yards 1204 Packers Davante Adams
90%
Receiving Yards 1035 Bengals Ja'Marr Chase
90%
Receiving TD's 10 Bengals Ja'Marr Chase
90%
Rushing Yards 1348 Colts Johnathan Taylor
90%
Rushing TD's 16 Colts Johnathan Taylor
90%
Receiving TD's 10 Vikings Adam Thielen
88%
Receiving Yards 1054 Buccaneers Chris Godwin
85%
Forced Fumbles 5 Chargers Joey Bosa
85%
Sacks 14 49ers Nick Bosa
85%
Interceptions 9 Cowboys Trevon Diggs
84%
Rushing TD's 9 Chargers Austin Ekeler
82%
Sacks 15 Browns Myles Garrett
82%
Rushing TD's 14 Cardinals James Conner
79%
Tackles 152 Seahawks Bobby Wagner
78%
Forced Fumbles 4 Cardinals Chandler Jones
65%
Interceptions 7 Patriots J.C Jackson
62%
Tackles 130 Bears Roquan Smith
60%
Sacks 12.5 Patriots Mathew Judon
56%
Interceptions 5 Broncos Justin Simmons
54%
Forced Fumbles 5 Colts Darius Leonard
53%
Interceptions 5 Bills Jordan Poyer
51%
Interceptions 5 Titans Kevin Byard
46%
Sacks 14 Bears Robert Quinn
38%
Tackles 135 Seahawks Jordyn Brooks
24%
Tackles 142 Falcons Foye Oluokun
16%
Tackles 133 Raiders Denzel Perryman
10%
Forced Fumbles 7 Bills Josh Norman
3%
No matching quizzes found
Score Distribution
Percent of People with Each Score
Percentile by Number Answered
Your Score History
You have not taken this quiz